Countries with the Most Cantonese Speakers - Statistics

General Stats
  • This quiz has been taken 297 times
  • The average score is 9 of 10
Answer Stats
Place Speakers Answer % Correct
1. 71 022 593 China
100%
6. 458 840 U.S.A.
97%
8. 300 000 U.K.
89%
3. 623 352 Singapore
88%
4. 565 275 Canada
87%
2. 1 443 000 Malaysia
87%
5. 500 000 Vietnam
85%
9. 290 280 Australia
80%
7. 300 000 Indonesia
79%
10. 111 000 France
71%
No matching quizzes found
Score Distribution
Percent of People with Each Score
Percentile by Number Answered
Your Score History
You have not taken this quiz